000 01247nam a22002537a 4500
999 _c62963
_d62963
005 20251125233100.0
008 s2554 th ||||| |||| 00| 0 tha d
020 _a9786167071299
040 _aNALT
050 _aD20 อ169อ 2554
100 0 _aอนันตชัย จินดารัตน์
245 1 0 _aเอกราชอาบเลือด
260 3 _aกรุงเทพฯ :
_bยิปซี,
_c2554
300 _a223 หน้า :
_b ภาพประกอบ ;
_c 21 ซม.
650 0 4 _aประเทศราช
650 0 4 _aประวัติศาสตร์โลก
650 0 4 _aพม่า -- ประวัติศาสตร์ -- ขบวนการกู้ชาติ
650 0 4 _aสหรัฐอเมริกา -- ประวัติศาสตร์ -- ขบวนการกู้ชาติ
650 0 4 _aเวียดนาม -- ประวัติศาสตร์ -- ขบวนการกู้ชาติ
850 _aNALT
856 4 0 _uhttps://hdl.handle.net/20.500.14156/333848
_71
942 _cGB
_02
_2lcc
998 _j2118
_k นางสาววิภาวรรณ เส็งจีน